Women, gender and disaster: global issues and initiatives (Record no. 7155)

MARC details
000 -LEADER
fixed length control field 00536nam a2200193Ia 4500
020 ## - INTERNATIONAL STANDARD BOOK NUMBER
ISBN 9788132101482
082 ## - DEWEY DECIMAL CLASSIFICATION NUMBER
Classification number 363.348082 WOM-
245 #0 - TITLE STATEMENT
Title Women, gender and disaster: global issues and initiatives
260 ## - PUBLICATION, DISTRIBUTION, ETC. (IMPRINT)
Place of publication Los Angeles
Name of publisher Sage Publications
Year of publication 2009
300 ## - PHYSICAL DESCRIPTION
Number of Pages xviii, 380
504 ## - BIBLIOGRAPHY, ETC. NOTE
Bibliography, etc includes index
650 ## - SUBJECT ADDED ENTRY--TOPICAL TERM
Topical Term Disasters
Form subdivision Social aspects
650 ## - SUBJECT ADDED ENTRY--TOPICAL TERM
Topical Term Emergency management
650 ## - SUBJECT ADDED ENTRY--TOPICAL TERM
Topical Term Women
Form subdivision Social conditions
650 ## - SUBJECT ADDED ENTRY--TOPICAL TERM
Topical Term Sex role
700 ## - ADDED ENTRY--PERSONAL NAME
Personal name Chakrabarti, P. G. Dhar
700 ## - ADDED ENTRY--PERSONAL NAME
Personal name Enarson, Elaine
942 ## - ADDED ENTRY ELEMENTS (KOHA)
Koha item type Books
Holdings
Withdrawn status Lost status Damaged status Not for loan Home library Current library Date acquired Source of acquisition Bill Date Full call number Accession Number Price effective from Koha item type
        NASSDOC Library NASSDOC Library 07/04/2010 BW 2010-03-26 363.348082 WOM- 46202 18/04/2019 Books